ბათუმის შოთა რუსთაველის სახელმწიფო უნივერსიტეტის ბიბლიოთეკა

ახალ მიზანს ახალი ფორმულა სჭირდება" = What got you here won't get you there / (ბიბ.ჩანაწერი № 55062)

000 -ლიდერი
ფიქსირებული სიგრძის საკონტროლო ველი 01966nam a2200349Ia 4500
001 - საკონტროლო ნომერი
საკონტროლო ველი 22137
003 - საკონტროლო ნომრის იდენტიფიკატორი
საკონტროლო ველი GE_BSU
005 - ბოლო ოპერაციის თარიღი და დრო
საკონტროლო ველი 20221125172112.0
008 - ფიქსირებული სიგრძის მონაცემთა ელემენტები - ზოგადი ინფორმაცია
ფიქსირებული სიგრძის საკონტროლო ველი 181216s ||||ge |||||||||||||| ||geo||
020 ## - წიგნის საერთაშორისო სტანდარტული ნომერი
International Standard Book Number 9789941247231
040 ## - კატალოგიზაციის წყარო
Transcribing agency GE_BSU
041 ## - ენის კოდი
Language code of text/sound track or separate title geo
080 ## - უნივერსალური ათობითი კლასიფიკაციის ინდექსი
Universal Decimal Classification number 316.46:17.022.1 გ-65
100 ## - მთავარი ჩანაწერი - პიროვნების სახელი
Personal name გოლდსმითი, მარშალ
9 (RLIN) 16128
245 ## - ცნობა სათაურის შესახებ
Title ახალ მიზანს ახალი ფორმულა სჭირდება" = What got you here won't get you there /
Statement of responsibility, etc მარშალ გოლდსმითი, მარკ რაიტერი ; მთარგმნელი მარიამ ყიასაშვილი ; რედაქტორი რუსუდან დარჩიაშვილი ; დიზაინერი თეკლა გიაშვილი. ედაქტორი რუსუდან დარჩიაშვილი ;
264 ## - წარმოების, გამოცემის, დისტრიბუციის და სხვა ცნობები
გამოცემის, წარმოების, დისტრიბუციის... ადგილი თბილისი :
გამოცემის, წარმოების, დისტრიბუციის... სახელწოდება პალიტრა L,
გამოცემის, წარმოების, დისტრიბუციის... თარიღი 2017.
300 ## - ფიზიკური აღწერა
Extent 320 გვ. ;
Dimensions 21 სმ.
490 ## - სერიის ცნობა
Series statement ლურჯი ოკეანე
653 ## - INDEX TERM--UNCONTROLLED
Uncontrolled term ახალ მიზანს ახალი ფორმულა სჭირდება" = What got you here won't get you there
653 ## - INDEX TERM--UNCONTROLLED
Uncontrolled term ეთიკა
653 ## - INDEX TERM--UNCONTROLLED
Uncontrolled term მოძღვრება მორალზე
653 ## - INDEX TERM--UNCONTROLLED
Uncontrolled term ლიდერობა
653 ## - INDEX TERM--UNCONTROLLED
Uncontrolled term პატიოსნება
653 ## - INDEX TERM--UNCONTROLLED
Uncontrolled term წარმატება
653 ## - INDEX TERM--UNCONTROLLED
Uncontrolled term სოციოლოგია
700 ## - ADDED ENTRY--PERSONAL NAME
Personal name რაიტერი, მარკ
Relator term ავტორი
9 (RLIN) 16129
700 ## - ADDED ENTRY--PERSONAL NAME
Personal name ყიასაშვილი, მარიამ
Relator term მთარგმნელი
9 (RLIN) 16130
700 ## - ADDED ENTRY--PERSONAL NAME
Personal name დარჩიაშვილი, რუსუდან
Relator term რედაქტორი
9 (RLIN) 16131
700 ## - ADDED ENTRY--PERSONAL NAME
Personal name გიაშვილი, თეკლა
Relator term დიზაინერი
9 (RLIN) 12269
942 ## - ADDED ENTRY ELEMENTS (KOHA)
Koha item type წიგნი
Source of classification or shelving scheme
ეგზემპლარები
ჩამოწერის სტატუსი დაკარგული ეგზემპლარის სტატუსი კლასიფიკაციის წყარო ან თაროზე გაწყობის სქემა დაზიანების სტატუსი არ გაიცემა მუდმივი მდებარეობა (დაცვის ადგილი) ამჟამინდელი ადგილსამყოფელი თაროზე განთავსების ადგილი შეძენის თარიღი ღირებულება, შესყიდვის ნორმალური ფასი სრული შენახვის შიფრი შტრიხკოდი ბოლო ოპერაციის თარიღი ეგზემპლარის მიმდევრობითი ნომერი (კეტერი?) ფასის ძალაში შესვლის თარიღი ეგზემპლარის სახეობა საჯარო შენიშვნა
          ბათუმის შოთა რუსთაველის სახელმწიფო უნივერსიტეტის მთავარი ბიბლიოთეკა ბათუმის შოთა რუსთაველის სახელმწიფო უნივერსიტეტის მთავარი ბიბლიოთეკა წიგნსაცავი 2018-12-17 10.50 316.46:17.022.1 გ-65 57095 2018-12-17 57095 2018-12-17 წიგნი 10.50 ₾.